Oleoducto RPC-Planta lubricantes COPEC, Quintero. Declaración de impacto ambiental

שמור ב:
מידע ביבליוגרפי
Corporate Authors: Oikos Chile S.A (Author), Comisión Nacional del Medio Ambiente (Author), Compañía de Petróleos de Chile S.A (Author)
פורמט: ספר
שפה:ספרדית
יצא לאור: Viña del Mar Oikos Chile S.A 2003
נושאים:
תגים: הוספת תג
אין תגיות, היה/י הראשונ/ה לתייג את הרשומה!

MARC

LEADER 00000nam a2200000 a 4500
001 UCK4797
003 CL-VaPUC
008 050624e20030000CL |||||||||||||||||spa|d
082 0 4 |a 363.731  |b OIK  |2 21 
110 2 |a Oikos Chile S.A  |e author  |9 493389 
710 2 |a Comisión Nacional del Medio Ambiente  |e author  |9 493390 
710 2 |a Compañía de Petróleos de Chile S.A  |e author  |9 493391 
245 1 0 |a Oleoducto RPC-Planta lubricantes COPEC, Quintero. Declaración de impacto ambiental 
300 |a Pág. irreg 
942 |c BK 
945 |d 20050624 00:00:00  |a cmena 
260 |a Viña del Mar  |b Oikos Chile S.A  |c 2003 
650 0 |a Impacto ambiental  |9 262796 
650 7 |a OLEODUCTOS  |2 CL-VaPUC  |9 408468 
650 7 |a LUBRICANTES  |2 CL-VaPUC  |9 357608 
650 7 |a CONTAMINACION INDUSTRIAL  |2 CL-VaPUC  |9 261690 
650 0 |a Desarrollo sustentable  |9 333905 
650 0 |a Protección del medio ambiente  |9 257626 
650 0 |a Responsabilidad social  |9 339076 
651 0 |a Quintero  |9 479428 
651 0 |a Región 05  |9 267528 
583 |a last modification  |c 20050624 00:00:00  |k Rodrigo Vera 
999 |c 313541  |d 313539 
952 |0 0  |1 0  |4 0  |6 363_731000000000000_OIK_2003  |7 0  |8 P  |9 384951  |a BIBING  |b BIBING  |d 2019-11-22  |i 4137175  |o 363.731 OIK 2003  |p 4137175  |r 2025-01-20  |w 2019-11-22  |y BK  |k CCL